El misterio del malvado marcador = The mystery of the mischievous marker / (Record no. 16254)

MARC details
000 -LEADER
fixed length control field 02740cam a2200577 i 4500
001 - CONTROL NUMBER
control field sjds541465
003 - CONTROL NUMBER IDENTIFIER
control field sjds
005 - DATE AND TIME OF LATEST TRANSACTION
control field 20180805213249.0
008 - FIXED-LENGTH DATA ELEMENTS--GENERAL INFORMATION
fixed length control field 130821s2013 txua c 000 1 eng
010 ## - LIBRARY OF CONGRESS CONTROL NUMBER
LC control number 2013029125
020 ## - INTERNATIONAL STANDARD BOOK NUMBER
International Standard Book Number 9781558857766 (paperback : alk. paper)
020 ## - INTERNATIONAL STANDARD BOOK NUMBER
International Standard Book Number 1558857761 (paperback : alk. paper)
035 ## - SYSTEM CONTROL NUMBER
System control number (OCoLC)840460783
040 ## - CATALOGING SOURCE
Original cataloging agency DLC
Language of cataloging eng
Description conventions rda
Transcribing agency DLC
Modifying agency BTCTA
-- BDX
-- OCLCO
-- NYP
-- SAP
-- IFA
-- UtOrBLW
041 1# - LANGUAGE CODE
Language code of text/sound track or separate title eng
-- spa
Language code of original eng
049 ## - LOCAL HOLDINGS (OCLC)
Holding library IFAA
099 ## - LOCAL FREE-TEXT CALL NUMBER (OCLC)
Classification number CHILDREN ESPANOL FICTION SALDANA
100 1# - MAIN ENTRY--PERSONAL NAME
Personal name Saldaña, René,
Relator term author.
245 13 - TITLE STATEMENT
Title El misterio del malvado marcador = The mystery of the mischievous marker /
Statement of responsibility, etc. por/by René Saldaña, Jr. ; traducción al español de Carolina Villarroel.
246 3# - VARYING FORM OF TITLE
Title proper/short title The mystery of the mischievous marker
246 3# - VARYING FORM OF TITLE
Title proper/short title Mystery of the mischievous marker
260 ## - PUBLICATION, DISTRIBUTION, ETC. (IMPRINT)
Place of publication, distribution, etc. Houston, TX :
Name of publisher, distributor, etc. Piñata Books, an imprint of Arte Público Press, University of Houston,
Date of publication, distribution, etc. [2013]
264 #1 - PRODUCTION, PUBLICATION, DISTRIBUTION, MANUFACTURE, AND COPYRIGHT NOTICE
Place of production, publication, distribution, manufacture Houston, TX :
Name of producer, publisher, distributor, manufacturer Piñata Books, an imprint of Arte Público Press, University of Houston,
Date of production, publication, distribution, manufacture, or copyright notice [2013]
300 ## - PHYSICAL DESCRIPTION
Extent 38, 38 pages :
Other physical details illustrations ;
Dimensions 22 cm.
336 ## - CONTENT TYPE
Content type term text
Content type code txt
Source rdacontent
337 ## - MEDIA TYPE
Media type term unmediated
Media type code n
Source rdamedia
338 ## - CARRIER TYPE
Carrier type term volume
Carrier type code nc
Source rdacarrier
490 1# - SERIES STATEMENT
Series statement Mickey Rangel mystery
490 0# - SERIES STATEMENT
Series statement Colección Mickey Rangel, detective privado =
-- Colección Mickey Rangel, detective privado
500 ## - GENERAL NOTE
General note No collective title page. Title from individual title page.
500 ## - GENERAL NOTE
General note Text bound together, back-to-back and inverted.
520 ## - SUMMARY, ETC.
Summary, etc. School principal Mrs. Abrego and nemesis Bucho both ask detective Mickey Rangel to help unmask the vandal who has been writing messages all over the school walls.
520 ## - SUMMARY, ETC.
Summary, etc. El director del colegio La señora Abrego y némesis Bucho tanto piden detective Mickey Rangel para ayudar a desenmascarar al vandalismo que ha estado escribiendo mensajes por todas las paredes de la escuela.
521 8# - TARGET AUDIENCE NOTE
Target audience note 760
Source Lexile
526 0# - STUDY PROGRAM INFORMATION NOTE
Program name Accelerated Reader
Interest level MG
Reading level 4.9
Title point value 1.0
Public note 163966
546 ## - LANGUAGE NOTE
Language note Text in English and Spanish.
650 #0 - SUBJECT ADDED ENTRY--TOPICAL TERM
Topical term or geographic name as entry element Vandalism
Form subdivision Juvenile fiction.
650 #0 - SUBJECT ADDED ENTRY--TOPICAL TERM
Topical term or geographic name as entry element Graffiti
Form subdivision Juvenile fiction.
650 #0 - SUBJECT ADDED ENTRY--TOPICAL TERM
Topical term or geographic name as entry element Schools
Form subdivision Juvenile fiction.
650 #0 - SUBJECT ADDED ENTRY--TOPICAL TERM
Topical term or geographic name as entry element Spanish language materials
General subdivision Bilingual.
650 #7 - SUBJECT ADDED ENTRY--TOPICAL TERM
Topical term or geographic name as entry element Vandalismo
Form subdivision Novela juvenil.
Source of heading or term qlsp
650 #7 - SUBJECT ADDED ENTRY--TOPICAL TERM
Topical term or geographic name as entry element Grafiti
Form subdivision Novela juvenil.
Source of heading or term qlsp
650 #7 - SUBJECT ADDED ENTRY--TOPICAL TERM
Topical term or geographic name as entry element Escuelas
Form subdivision Novela juvenil.
Source of heading or term bidex
650 #7 - SUBJECT ADDED ENTRY--TOPICAL TERM
Topical term or geographic name as entry element Novela policíaca.
Source of heading or term bidex
700 12 - ADDED ENTRY--PERSONAL NAME
Personal name Saldaña, René.
Title of a work Mystery of the mischievous marker.
700 12 - ADDED ENTRY--PERSONAL NAME
Personal name Saldaña, René.
Title of a work Mystery of the mischievous marker.
Language of a work Spanish.
700 1# - ADDED ENTRY--PERSONAL NAME
Personal name Villarroel, Carolina,
Dates associated with a name 1971-
Relator term translator.
800 1# - SERIES ADDED ENTRY--PERSONAL NAME
Personal name Saldaña, René.
Title of a work Mickey Rangel mystery.
942 ## - ADDED ENTRY ELEMENTS (KOHA)
Koha item type Libro/Book
949 ## - LOCAL PROCESSING INFORMATION (OCLC)
a Polaris526
Holdings
Withdrawn status Lost status Damaged status Not for loan Home library Current library Date acquired Inventory number Total Checkouts Full call number Barcode Date last seen Price effective from Koha item type
        Azul y Blanco -- Satellite Azul y Blanco -- Satellite 25/09/2016 inventory date: 20-1-25   JI 35200536 25/09/2016 25/09/2016 Libro/Book
        Las Brisas 2 -- Satellite Las Brisas 2 -- Satellite 16/04/2018 Inventory date: 7/4/25   JF 40101573 16/04/2018 16/04/2018 Libro/Book
        Las Brisas 2 -- Satellite Las Brisas 2 -- Satellite 15/04/2019 Inventory date: 7/4/25   JF 40101787 15/04/2019 15/04/2019 Libro/Book

Powered by Koha